Rodové rozdiely v krajinách Európy bakalárska práca

Guardado en:
Detalles Bibliográficos
Autor principal: Borisavljevičová, Dragana
Autor Corporativo: Fakulta medzinárodných vzťahov EU. Katedra medzinárodných politických vzťahov
Otros Autores: Krupová, Kristína, 1993-
Formato: Libro
Lenguaje:eslovaco
Publicado: Bratislava 2019
Etiquetas: Agregar Etiqueta
Sin Etiquetas, Sea el primero en etiquetar este registro!

MARC

LEADER 00000nbm a2200000 4500
001 0257825
005 20200909104958.6
041 0 |a slo 
044 |a SK 
245 1 0 |a Rodové rozdiely v krajinách Európy  |b bakalárska práca  |c Dragana Borisavljevičová ; školiteľ: Kristína Krupová 
264 1 |a Bratislava  |c 2019 
300 |a 47 s. 
100 1 |a Borisavljevičová, Dragana 
700 1 |a Krupová, Kristína, 1993- 
710 2 |a Fakulta medzinárodných vzťahov EU. Katedra medzinárodných politických vzťahov